Chemical Sciences: CSIR-NET and GATE Topic wise Complete Solution (Record no. 86759)
[ view plain ]
| 000 -LEADER | |
|---|---|
| fixed length control field | 00446nam a2200169Ia 4500 |
| 003 - CONTROL NUMBER IDENTIFIER | |
| control field | STCL |
| 008 - FIXED-LENGTH DATA ELEMENTS--GENERAL INFORMATION | |
| fixed length control field | 181203s9999 xx 000 0 und d |
| 020 ## - INTERNATIONAL STANDARD BOOK NUMBER | |
| International Standard Book Number | 9789352025732 |
| 040 ## - CATALOGING SOURCE | |
| Original cataloging agency | STCL |
| Language of cataloging | EN |
| Transcribing agency | STCL |
| 082 ## - DEWEY DECIMAL CLASSIFICATION NUMBER | |
| Edition number | 22 |
| 100 ## - MAIN ENTRY--PERSONAL NAME | |
| Personal name | Badgujar, Vivek C. |
| 245 #0 - TITLE STATEMENT | |
| Title | Chemical Sciences: CSIR-NET and GATE Topic wise Complete Solution |
| 260 ## - PUBLICATION, DISTRIBUTION, ETC. (IMPRINT) | |
| Name of publisher, distributor, etc. | Homalaya Publishing House |
| Place of publication, distribution, etc. | Mumbai |
| Date of publication, distribution, etc. | 2015 |
| 300 ## - PHYSICAL DESCRIPTION | |
| Extent | 367 |
| 546 ## - LANGUAGE NOTE | |
| Language note | English |
| 942 ## - ADDED ENTRY ELEMENTS (KOHA) | |
| Source of classification or shelving scheme | Dewey Decimal Classification |
| Koha item type | Book |
| Withdrawn status | Lost status | Source of classification or shelving scheme | Damaged status | Not for loan | Home library | Current library | Shelving location | Date acquired | Total Checkouts | Total Renewals | Full call number | Barcode | Date last seen | Date last checked out | Price effective from | Koha item type |
|---|---|---|---|---|---|---|---|---|---|---|---|---|---|---|---|---|
| Dewey Decimal Classification | Santhome Athenaeum | Santhome Athenaeum | General Stacks | 03/12/2018 | 10 | 4 | 541.394 BAD-C | 95370 | 31/07/2023 | 15/07/2023 | 03/12/2018 | Book |